00459 2200193 4500001002100000005001500021008004100036020001800077035001900095041000700114082000800121090001400129100001500143245003600158260001700194300001900211500001000230650002500240INLIS00000000000369520241224112754241224||||||||| | ||| |||| || |  a979-24-5670-8 0010-1224003695 aid0 a923 a923 AGU j0 aAgus Salim00aJendral ( Anumerta ) Ahmad Yani bJembarc2007 a74 hlm.;20 cm. aCet.1 0aSejarah Dan Biografi